| 000 | 00541nam a22001937a 4500 | ||
|---|---|---|---|
| 005 | 20240927054652.0 | ||
| 008 | 240927b |||||||| |||| 00| 0 eng d | ||
| 020 | _a9789355325341 | ||
| 040 |
_aIN-DiNC _cIN-DiNC |
||
| 041 | _deng | ||
| 082 |
_a030 _bLAX |
||
| 100 |
_aLaxmikanth, M _eauthor |
||
| 245 |
_aIndian polity (for civil services and state services examinations)/ _cby M Laxmikanth |
||
| 250 | _a7th ed. | ||
| 260 |
_aChennai: _bMcGraw Hill, _c2024. |
||
| 300 | _a804p. | ||
| 650 | _aConstitutional framework | ||
| 942 |
_2ddc _cBK |
||
| 999 |
_c11995 _d11995 |
||